| 000 | 00614nam a2200229 a 4500 | ||
|---|---|---|---|
| 005 | 20210219153411.0 | ||
| 008 | 991125n 000 0 spa u | ||
| 035 | _aUPN01000096846 | ||
| 100 | _aMARTIN, Luisa | ||
| 222 | _aESCUELA ESPAÑOLA : PERIODICO PROFESIONAL DE EDUCACION | ||
| 245 | _aReforma y coordinación pedagógica | ||
| 300 | _a10 | ||
| 362 | _a1993 Año 53, no. 3148, jun. 10 | ||
| 440 | 0 | _a946 | |
| 653 | 0 | _aADMINISTRACION EDUCATIVA | |
| 653 | 0 | _aESPAÑA | |
| 653 | 0 | _aLOGSE | |
| 653 | 0 | _aPRACTICA DOCENTE | |
| 653 | 0 | _aREFORMA EDUCATIVA | |
| 904 |
_aAC _b034657 |
||
| 905 | _aArticulo | ||
| 999 |
_c75951 _d75951 |
||